भारत के वीर योद्धाःमहाराणा प्रताप / (Record no. 89577)
[ view plain ]
| 000 -LEADER | |
|---|---|
| fixed length control field | 01302nam a22002537a 4500 |
| 005 - DATE AND TIME OF LATEST TRANSACTION | |
| control field | 20180405120253.0 |
| 010 ## - LCCN (DPL NO) | |
| LC control number | HIN-103889 B-690154-155 बलिदानी |
| 020 ## - INTERNATIONAL STANDARD BOOK NUMBER | |
| International Standard Book Number | 9788189573621 |
| Terms of availability | 175.00 |
| 020 ## - INTERNATIONAL STANDARD BOOK NUMBER | |
| Terms of availability | 300.00 |
| 035 ## - SYSTEM CONTROL NUMBER | |
| System control number | HN-76235 |
| 035 ## - SYSTEM CONTROL NUMBER | |
| System control number | B-690154-155 |
| 037 ## - SOURCE OF ACQUISITION | |
| Source of stock number/acquisition | DBAD / PUB |
| 037 ## - SOURCE OF ACQUISITION | |
| Source of stock number/acquisition | प्रताप |
| 082 ## - DEWEY DECIMAL CLASSIFICATION NUMBER | |
| Classification number | 921 |
| 100 ## - MAIN ENTRY--PERSONAL NAME | |
| Personal name | कपूर, सुशील |
| 245 ## - TITLE STATEMENT | |
| Title | भारत के वीर योद्धाःमहाराणा प्रताप / |
| Statement of responsibility, etc | सुशील कपूर |
| 246 ## - VARYING FORM OF TITLE | |
| Title proper/short title | Bharat ka veer Yoddha Maharana Pratap |
| Remainder of title | by Sushil Kapoor |
| 260 ## - PUBLICATION, DISTRIBUTION, ETC. (IMPRINT) | |
| Place of publication, distribution, etc | दिल्ली |
| Name of publisher, distributor, etc | चिल्ड्न बुक टेंपल |
| Date of publication, distribution, etc | 2014 |
| -- | 2017 बलिदानी |
| 270 ## - ADDRESS | |
| Address | सी-55, गणेश नगर, पांडव नगर काॅम्प्लैक्स |
| City | दिल्ली |
| Postal code | 110092 |
| 300 ## - PHYSICAL DESCRIPTION | |
| Extent | 136पृ. |
| Dimensions | 22 सेमी.(सजिल्द) |
| 500 ## - GENERAL NOTE | |
| General note | बलिदानी पुस्तक |
| 942 ## - ADDED ENTRY ELEMENTS (KOHA) | |
| Source of classification or shelving scheme | Dewey Decimal Classification |
| Item type | Hindi Books |
| Classification part | 921 |
| Call number suffix | कपूर |
| Withdrawn status | Lost status | Not for loan | Collection code | Home library | Current library | Date acquired | Source of acquisition | Cost, normal purchase price | Full call number | Barcode | Copy number | Cost, replacement price | Koha item type | Public note |
|---|---|---|---|---|---|---|---|---|---|---|---|---|---|---|
| Non-fiction | Central Library | Central Library | 05/04/2018 | प्रभात प्रकाशन PP/B5305/05.03.18/832/20.02.18/05.03.18 | 300.00 | 921 कपूर | B-690154 | 1 | 300.00 | Hindi Books | बलिदानी | |||
| Not For Loan | Non-fiction | D.B.Act.Division | D.B.Act.Division | 24/10/2014 | DBAD / PUB | 175.00 | 921 महारा | HN-76235 | 1 | 175.00 | Hindi Books | |||
| Non-fiction | Sarojini Nagar | Sarojini Nagar | 05/04/2018 | प्रभात प्रकाशन PP/B5305/05.03.18/832/20.02.18/05.03.18 | 300.00 | 921 कपूर | B-690155 | 1 | 300.00 | Hindi Books | बलिदानी |
